000 01176cab a2200289 4500
001 X2390
008 090401t1995 xxu||||| |||| 00| 0 eng d
035 _a(Sirsi) u23889
041 _aeng
245 _aGuildford BC and Emerson
260 _c1995
350 _a0
490 _aPlanning Appeal Decisions
_v(1995) 10 PAD 308-314(7)
520 _aDecision letter 16 January 1995. Enforcement notice - poultry unit - whether construction in time of 1977 or 1988 GDO - efect of GDO on uncompleted works - whether building erected in 1992 was the one started in 1988 - evaluationof evidence - burden of proof - costs - council did not provide evidence to substantiate its planning reasons for taking encforcement action.
650 _aDOE CIRCULAR 08/1993
650 _aENFORCEMENT NOTICE
650 _aGENERAL DEVELOPMENT ORDER
650 _aLOCAL GOVERNMENT ACT 1972
650 _aPLANNING (SUBSEQUENT PROVISIONS) ACT 1990
650 _aPLANNING AND COMPENSATION ACT 1991
650 _aPOULTRY UNITS
650 _aPPG18
650 _aTOWN AND COUNTRY PLANNING ACT 1990
690 _aPLANNING LAW AND PRACTICE-CASE LAW
942 _n0
948 _c04/03/1997
999 _c15993
_d15993